|
|
|
|
| LEADER |
00000nab a2200000 ar4500 |
| 001 |
vtls008963590 |
| 003 |
SK-MaSNL |
| 005 |
20260303070752.0 |
| 008 |
070412c2007 xo mr|p|||||||000 b|slo |
| 015 |
|
|
|a SNBRB2007/04
|2 snkbucl
|
| 038 |
|
|
|a SNKBUCL
|
| 040 |
|
|
|a SNKBUCL
|b slo
|c SNKBUCL
|e AACR2
|
| 041 |
0 |
|
|a slo
|
| 044 |
|
|
|a xo
|c SK
|
| 080 |
|
|
|a 621.224.8:629.35.014.8.032.026.1
|2 2001
|
| 080 |
|
|
|a 629.35.014.8.032.026.1
|2 2001
|
| 100 |
1 |
|
|a Václavík, Ivan
|4 aut
|9 841238
|
| 245 |
1 |
0 |
|a Hydromotory v predných kolesách pomáhajú riešiť ťažké situácie
|b novinku MAN HydroDrive ocenia najmä vodiči špeciálnych vozidiel
|c Ivan Václavík
|
| 300 |
|
|
|b Sch.
|
| 650 |
0 |
7 |
|a špeciálne vozidlá
|2 snkbucl
|9 1052476
|
| 650 |
0 |
7 |
|a hydrostatické pohony
|2 snkbucl
|9 940632
|
| 650 |
0 |
7 |
|a MAN HydroDrive (hydrostatický pohon)
|2 snkbucl
|9 1068644
|
| 773 |
0 |
|
|t Doprava a logistika
|g Roč. 2., č. 3 (2007), s. 32
|x 1337-0138
|
| 852 |
|
|
|a SNK
|b KIS3GCP
|
| 999 |
|
|
|c 1756852
|d 1758782
|